Учебные программы курсов подготовки новых рабочих кадров. Вып. 4: Подготовка электромонтеров и электрослесарей (Запись № 13627151)

Подробности
000 -МАРКЕР
контрольное поле 01432nam2a2200253 4500
001 - ИДЕНТИФИКАТОР ЗАПИСИ
контрольное поле rc\3060684
005 - ИДЕНТИФИКАТОР ВЕРСИИ
контрольное поле 20260315070539.0
035 ## - ДРУГИЕ СИСТЕМНЫЕ НОМЕРА
Идентификатор записи (NLR Aleph) 007199430
100 ## - ДАННЫЕ ОБЩЕЙ ОБРАБОТКИ
Данные общей обработки 20111012d1941 u y0rusy50 ca
101 0# - ЯЗЫК РЕСУРСА
Язык текста, звукозаписи и т.д. русский
105 ## - ПОЛЕ КОДИРОВАННЫХ ДАННЫХ: ТЕКСТОВЫЕ МАТЕРИАЛЫ, МОНОГРАФИЧЕСКИЕ
Кодированные данные о монографическом текстовом документе a z |||||
200 1# - ЗАГЛАВИЕ И СВЕДЕНИЯ ОБ ОТВЕТСТВЕННОСТИ
Основное заглавие Подготовка электромонтеров и электрослесарей
210 ## - ПУБЛИКАЦИЯ, РАСПРОСТРАНЕНИЕ И ДР.
Дата издания, распространения и т.д. 1941
215 ## - ФИЗИЧЕСКАЯ ХАРАКТЕРИСТИКА
Специфическое обозначение материала и объем 24 с.
Другие сведения о физической характеристике табл.
300 ## - ОБЩИЕ ПРИМЕЧАНИЯ
Текст примечания В предисл.: программа подготовки электрослесарей сост. инж. Топольницким С.М., программа подготовки электромонтеров - инж. Давыдовым С.С.
461 #0 - УРОВЕНЬ НАБОРА
Встроенное поле 001rc\3060680
-- 2001#$aУчебные программы курсов подготовки новых рабочих кадров$eВып. 1$fГлавное военно-строительное упр. при СНК СССР$vВып. 4
Системный номер (АБИС) связанной записи 7617813
Место публикации Москва
Дата публикации 1940-1941
Первые сведения об ответственности Главное военно-строительное упр. при СНК СССР
Имя издателя, распространителя и т.д. Б. и.
Сведения, относящиеся к заглавию Вып. 1
Заглавие Учебные программы курсов подготовки новых рабочих кадров
Номер тома Вып. 4
702 #1 - ИМЯ ЛИЦА - ВТОРИЧНАЯ ОТВЕТСТВЕННОСТЬ
Начальный элемент ввода Топольницкий
Часть имени, кроме начального элемента ввода С.М.
Код отношения Составитель
702 #1 - ИМЯ ЛИЦА - ВТОРИЧНАЯ ОТВЕТСТВЕННОСТЬ
Начальный элемент ввода Давыдов
Часть имени, кроме начального элемента ввода С.С.
Код отношения Составитель
801 #0 - ИСТОЧНИК ЗАПИСИ
Страна российская федерация
Организация NLR
Правила каталогизации psbo
801 #1 - ИСТОЧНИК ЗАПИСИ
Страна российская федерация
Организация ELAR
Источник данных rusmarc
852 ## - МЕСТОНАХОЖДЕНИЕ И ШИФР ХРАНЕНИЯ
Идентификатор организации NLR
Шифр хранения (Call Number) Пр30 Г-4/16(4)
942 ## - ДОПОЛНИТЕЛЬНЫЕ ЭЛЕМЕНТЫ ЗАПИСИ (АБИС)
Тип экземпляра АБИС Неопределено
980 ## - КОЛЛЕКЦИЯ
Название коллекции Национальная библиография

Нет доступных экземпляров.